000 00858nam a2200289 a 4500
001 4290
003 BD-RjUL
005 20211208233851.0
008 131222s1988 ii b 000 0 eng
020 _a8185061696 :
035 _a(BD-RjUL)4325
040 _aDLC
_cDLC
_dDLC
_dBD-RjUL
_beng
041 _aeng
082 0 0 _a370.190954
_220
_bJHC 1988
100 1 _aJha, S. N.
_q(Sahitya Nand)
_913592
245 1 4 _aThe concept of socialism, secularism, democracy & education /
_cS.N. Jha.
260 _aDelhi :
_bAmar Prakashan,
_c1988.
300 _avii, 134 p. ;
_c22 cm.
504 _aBibliography: p. [119]-134.
520 _aRefers to the Indian scene.
650 0 _aEducation
_zIndia.
_913593
650 0 _aSocialism
_zIndia.
_911697
650 0 _aSecularism
_zIndia.
_913594
942 _2ddc
_cBK
999 _c4290
_d4290